000
00339nam a2200133Ia 4500
008
240624s9999 xx 000 0 und d
041
_a
eng
082
_a
891.43 TIW
100
_a
TIWARI VISHVANATH PRASAD
245
_a
MAHADEVI RACHANA SANCHAYAN
260
_c
2011
_a
Delhi
_b
Sahitya Academy
300
_a
295 : p. : cm. ; 22
365
_c
RS
999
_c
20923
_d
20923